000 00914nam a2200253 a 4500
001 000047849
003 DO-SdBNP
005 20250911120423.0
008 180830s2016 dr r 000 0 spa d
020 _a9789945872224
040 _aDO-SdBNP
_bspa
_cBNPHU
082 _a330.97293
_bNG576c
100 1 _aNg Cortiñas, Haivanjoe
_921599
245 1 0 _aCasi todo sobre la economía dominicana /
_cHaivanjoe NG Cortiñas; prólogo Roberto Cassá.
260 _aSanto Domingo :
_bDe Luxe,
_c2016.
300 _a305 p. ;
_c22 cm.
500 _aIncluye datos biográficos del autor en la contracubierta
590 _aInventariado, 2018/BT
650 4 _aPolítica monentaria
_xRepública Dominicana
_975413
651 7 _aRepública Dominicaana
_xCondiciones económicas
_9281
651 7 _aRepública Dominicana
_xPolítica económica
_9643
700 1 _aCassá, Roberto,
_d1948-
_epról.
_910888
942 _2ddc
_cLBS1
999 _c47337
_d47337